Design <The> Whole Story

Gespeichert in:
Bibliographische Detailangaben
Weitere Verfasser: Wilhide, Elizabeth
Format: Buch
Sprache:Englisch
Veröffentlicht: London Thames & Hudson 2016
Schlagworte:
Tags: Tag hinzufügen
Keine Tags, Fügen Sie das erste Tag hinzu!

MARC

LEADER 00000nam a2200000 4500
001 0248740
005 20230118085844.0
020 |a 978-0-500-29228-0 
041 0 |a eng 
044 |a GB 
245 1 0 |a Design  |b <The> Whole Story  |c General Editor: Elizabeth Wilhide 
264 1 |a London  |b Thames & Hudson  |c 2016 
300 |a 576 s. 
610 2 0 |a dizajn 
610 2 0 |a umenie 
610 2 0 |a vývoj 
610 2 0 |a história 
610 2 0 |a pokrok vedeckotechnický 
610 2 0 |a kvalita života 
610 2 0 |a situácia politická 
610 2 0 |a vývoj hospodársky 
610 2 0 |a produkty 
610 2 0 |a kvalita výrobkov 
610 2 0 |a spotrebitelia 
610 2 0 |a dopyt 
610 2 0 |a digitalizácia 
610 2 0 |a architektúra 
700 1 |a Wilhide, Elizabeth